[Event "Moscow Open F Women"]
[Site "Moscow RUS"]
[Date "2011.02.03"]
[Round "6.30"]
[White "Bezgodova, Svetlana"]
[Black "Mukhametgaleeva, Railia"]
[Result "1-0"]
[WhiteElo "2195"]
[BlackElo "1983"]
[WhiteFideId "4110650"]
[BlackFideId "4123263"]
[EventDate "2011.01.29"]

1. Nf3 Nf6 2. g3 g6 3. b3 Bg7 4. Bb2 d6 5. d4 O-O 6. Bg2 e5 7. dxe5 Nfd7 8. Qd2
Nc6 9. O-O Ndxe5 10. c4 a5 11. Nc3 a4 12. Nxe5 Nxe5 13. Rad1 axb3 14. axb3 Rb8
15. h3 Be6 16. f4 Nd7 17. e4 Nc5 18. Qc2 f6 19. Kh2 Qc8 20. Nb5 Bd7 21. b4 Ne6
22. Nc3 Kh8 23. Nd5 Qd8 24. f5 gxf5 25. Rxf5 Ng5 26. Rf4 c6 27. Ne3 Qb6 28. Qd2
Rbd8 29. Rdf1 Rde8 30. h4 Ne6 31. Rxf6 Bxf6 32. Rxf6 Rxf6 33. Bxf6+ Kg8 34. Nf5
Rf8 35. Nh6# 1-0

[Event "Moscow Open F Women"]
[Site "Moscow RUS"]
[Date "2011.02.03"]
[Round "6.31"]
[White "Sazonova, Elena N."]
[Black "Dordzhieva, Dinara"]
[Result "1-0"]
[WhiteTitle "WIM"]
[BlackTitle "WCM"]
[WhiteElo "2162"]
[BlackElo "1929"]
[WhiteFideId "4109767"]
[BlackFideId "24157570"]
[EventDate "2011.01.29"]

1. e4 c5 2. Nf3 d6 3. d4 cxd4 4. Nxd4 Nf6 5. Nc3 g6 6. h3 Bg7 7. g3 Nc6 8. Nde2
Be6 9. Bg2 Na5 10. O-O Rc8 11. Nd5 a6 12. a4 Nc4 13. Ra2 b5 14. axb5 axb5 15. b3
Ne5 16. Be3 O-O 17. Nd4 Bd7 18. Ra7 e6 19. Nb4 Ne8 20. Qd2 Nc6 21. Rxd7 Qxd7 22.
Ndxc6 Rxc6 23. Nxc6 Qxc6 24. e5 d5 25. Bd4 h5 26. Rc1 Nc7 27. Bf1 Rd8 28. Bd3
Na6 29. b4 Rc8 30. Ra1 Nc7 31. Qe2 Bf8 32. c3 Rb8 33. Qe3 Bg7 34. g4 hxg4 35.
hxg4 Ra8 36. Ra5 Rb8 37. Qg5 Ne8 38. Ra7 Bf8 39. Kg2 Bg7 40. Qe7 Ra8 41. Qxf7+
Kh8 42. Qxg6 Kg8 43. Qh7+ Kf8 44. Rxa8 1-0

[Event "Moscow Open F Women"]
[Site "Moscow RUS"]
[Date "2011.02.03"]
[Round "6.32"]
[White "Sysoykina, Lidia"]
[Black "Korchagina, Viktoria"]
[Result "0-1"]
[BlackTitle "WFM"]
[WhiteElo "1943"]
[BlackElo "2086"]
[WhiteFideId "4165080"]
[BlackFideId "4197224"]
[EventDate "2011.01.29"]

1. e4 c5 2. Nf3 d6 3. d4 cxd4 4. Nxd4 Nf6 5. Nc3 a6 6. h3 e5 7. Nde2 Be7 8. g4
h6 9. Bg2 b5 10. O-O Bb7 11. a3 Nbd7 12. f4 Qb6+ 13. Kh2 O-O-O 14. Qd3 g5 15.
Be3 Nc5 16. fxg5 hxg5 17. Rxf6 Bxf6 18. b4 Qc7 19. bxc5 dxc5 20. Rf1 Rxd3 21.
cxd3 Bd8 22. Ng3 f6 23. Nf5 Rh7 24. Rc1 Rd7 25. Bf1 Kb8 26. Kg3 b4 27. Nb1 bxa3
28. Nxa3 Qa5 29. Bxc5 Bb6 30. Bxb6 Qxb6 31. Rb1 Qc5 32. Nc4 a5 33. Nfe3 a4 34.
Kf3 Rd4 35. Be2 Kc7 36. Nc2 Bxe4+ 37. dxe4 Rxc4 38. Bxc4 Qxc4 39. Ne3 Qd3 40.
Rd1 Qb3 41. Ke2 a3 42. Rc1+ Kb7 43. Nc4 Kb8 0-1

[Event "Moscow Open F Women"]
[Site "Moscow RUS"]
[Date "2011.02.03"]
[Round "6.33"]
[White "Markelova, Lubov"]
[Black "Kisteneva, Liza"]
[Result "1/2-1/2"]
[BlackTitle "WFM"]
[WhiteElo "2076"]
[BlackElo "1911"]
[WhiteFideId "24131369"]
[BlackFideId "24124877"]
[EventDate "2011.01.29"]

1. Nf3 d5 2. d4 Nf6 3. c4 e6 4. Nc3 Be7 5. Bg5 O-O 6. e3 Nbd7 7. cxd5 exd5 8.
Bd3 c6 9. O-O Re8 10. Qc2 Nf8 11. h3 Ng6 12. Rab1 Bd6 13. b4 a6 14. a4 h6 15.
Bh4 Nxh4 16. Nxh4 Qe7 17. b5 axb5 18. axb5 Ne4 19. Nf3 Bd7 20. Na4 Rxa4 21. Qxa4
Nc3 22. Qa7 Nxb1 23. Rxb1 Be6 24. bxc6 bxc6 25. Qa6 c5 26. Rb7 Qf8 27. Rb6 Ra8
28. Qb5 c4 29. Bb1 Rb8 30. Rxb8 Qxb8 31. Qxb8+ Bxb8 32. Kf1 Kf8 33. Ke2 Ke7 34.
Kd2 Kd7 35. Ne5+ Kc7 36. f4 f6 37. Nf3 Kb6 38. Nh4 g5 39. fxg5 hxg5 40. Nf5 Kb5
41. Ng7 Bf7 42. Bf5 Bd6 43. g4 Ka4 44. Kc2 Ka3 45. Ne6 Be8 46. Kc3 Bb4+ 47. Kc2
Ka2 48. Nc5 Ka3 49. Bd7 Bg6+ 50. Bf5 Bf7 51. Be6 Bxe6 52. Nxe6 Bd6 53. Nc5 Kb4
54. Nd7 Kb5 55. Nxf6 Kc6 56. Nh5 Bf8 57. Ng3 Kd6 58. Nf5+ Ke6 59. Kc3 Bd6 60.
Kd2 Bb4+ 61. Kc2 Ba5 62. Kb2 Bb4 63. Ng3 Bd2 64. Nf1 Bb4 65. Kc2 Be1 66. Kd1 Bf2
67. Ke2 Bh4 68. Nh2 Bg3 69. Nf3 Kf6 70. Nd2 Bc7 71. e4 Ke6 72. e5 Bb6 73. Nf3
Bd8 74. Kd2 Be7 75. Kc3 Kf7 76. Ng1 Ke6 77. Ne2 Kf7 78. Ng3 Ke6 79. Nf5 Kf7 80.
Ne3 Ke6 81. Kc2 Bb4 82. Nf5 Be7 83. Ng7+ Kf7 84. Nh5 Ke6 85. Ng3 Bb4 86. Nf5 1/2-1/2

[Event "Moscow Open F Women"]
[Site "Moscow RUS"]
[Date "2011.02.03"]
[Round "6.34"]
[White "Styazhkina, Anna"]
[Black "Mestnikova, Tuyara"]
[Result "0-1"]
[WhiteTitle "WFM"]
[WhiteElo "1999"]
[BlackElo "1852"]
[WhiteFideId "24119300"]
[BlackFideId "4127358"]
[EventDate "2011.01.29"]

1. d4 d5 2. c4 e6 3. Nf3 Nf6 4. Nc3 c6 5. Bg5 Be7 6. e3 O-O 7. Bd3 dxc4 8. Bxc4
Nbd7 9. O-O Nd5 10. Bxe7 Qxe7 11. e4 Nxc3 12. bxc3 Rd8 13. Qe2 c5 14. Rfd1 cxd4
15. cxd4 b6 16. Rac1 Bb7 17. e5 Rac8 18. Ba6 Nb8 19. Bxb7 Qxb7 20. h3 h6 21. Qe3
Qd5 22. a3 Rxc1 23. Qxc1 Nc6 24. Kh1 Rc8 25. Qf4 Qb3 26. Rc1 Qxa3 27. d5 exd5
28. Nd4 Ne7 29. Re1 Qb4 30. Re3 Ng6 31. Qg4 Rc4 32. e6 Rxd4 33. exf7+ Kh7 34.
Qd7 Rd1+ 35. Kh2 Qf4+ 36. Rg3 Qxf2 37. Qg4 Qg1# 0-1

[Event "Moscow Open F Women"]
[Site "Moscow RUS"]
[Date "2011.02.03"]
[Round "6.37"]
[White "Frantsuzova, Lyudmila"]
[Black "Khobotova, Olesia"]
[Result "0-1"]
[WhiteElo "1839"]
[BlackElo "1991"]
[WhiteFideId "4171918"]
[BlackFideId "24129550"]
[EventDate "2011.01.29"]

1. d4 Nf6 2. Nf3 g6 3. c3 Bg7 4. Nbd2 O-O 5. e4 d6 6. Bc4 Nbd7 7. a4 e5 8. dxe5
dxe5 9. Ra3 Qe7 10. b4 Ne8 11. h4 Ndf6 12. Qc2 Nd6 13. Be2 b6 14. Ng5 h6 15. Nh3
Bb7 16. f3 Nh5 17. Nf2 f5 18. Nc4 fxe4 19. Nxd6 cxd6 20. fxe4 Ng3 21. Rh3 Nxe2
22. Qxe2 d5 23. exd5 Bxd5 24. Ne4 Rac8 25. Nd2 e4 26. Bb2 Kh7 27. a5 Rf4 28. g3
Rf7 29. axb6 axb6 30. Rh2 e3 31. Nf1 Bc4 32. Qxe3 Rxf1+ 33. Kd2 Rd8+ 34. Qd4
Qe1+ 35. Kc2 Qb1+ 36. Kd2 Qxb2+ 37. Ke3 Bxd4+ 38. cxd4 Qxa3+ 39. Kd2 Qd3# 0-1

[Event "Moscow Open F Women"]
[Site "Moscow RUS"]
[Date "2011.02.03"]
[Round "6.39"]
[White "Kalashnikova, Larisa"]
[Black "Paramzina, Anastasya"]
[Result "0-1"]
[WhiteTitle "WFM"]
[WhiteElo "1971"]
[BlackElo "1860"]
[WhiteFideId "4110986"]
[BlackFideId "4165012"]
[EventDate "2011.01.29"]

1. d4 d5 2. Nf3 Nf6 3. Bg5 Ne4 4. Bf4 c6 5. e3 Bf5 6. c3 Qb6 7. Qb3 Nd7 8. Nbd2
e6 9. Be2 Be7 10. O-O O-O 11. Nxe4 Bxe4 12. Nd2 Bg6 13. c4 Qb4 14. Qxb4 Bxb4 15.
Nf3 f6 16. a3 Be7 17. b4 Bh5 18. c5 e5 19. dxe5 Nxe5 20. Nd4 Bxe2 21. Nxe2 a5
22. Nd4 g6 23. Nc2 Nc4 24. Rfd1 Ra7 25. e4 Nb2 26. Rdb1 Nd3 27. Bc7 dxe4 28. Bb6
Raa8 29. bxa5 Bxc5 30. Nd4 Rf7 31. Ne6 Bxb6 32. axb6 Rd7 33. h3 Kf7 34. Nc7 Ra5
35. Ra2 Nc5 36. Rb4 f5 37. a4 Rd1+ 38. Kh2 Rd3 39. Kg1 Rb3 40. Rxb3 Nxb3 41. Ra3
Nc5 42. Rc3 Nd7 43. Rb3 Rxa4 44. f3 exf3 45. gxf3 Ra5 46. Kg2 Ke7 47. Kg3 Kf7
48. Kg2 g5 49. Kg3 f4+ 50. Kg2 Ra2+ 51. Kg1 Ke7 52. Rb1 Ra3 53. Re1+ Re3 54.
Rxe3+ fxe3 0-1

[Event "Moscow Open F Women"]
[Site "Moscow RUS"]
[Date "2011.02.03"]
[Round "6.40"]
[White "Aseeva, Anastasia"]
[Black "Anu, Bayar"]
[Result "1-0"]
[WhiteElo "1807"]
[BlackElo "1957"]
[WhiteFideId "4184971"]
[BlackFideId "4901339"]
[EventDate "2011.01.29"]

1. d4 Nf6 2. Nf3 e6 3. c4 c5 4. e3 d5 5. Nc3 Be7 6. Be2 O-O 7. O-O Nc6 8. b3 a6
9. Bb2 cxd4 10. exd4 Qc7 11. Rc1 Rd8 12. cxd5 exd5 13. Na4 Ne4 14. Ne5 f6 15.
Nxc6 bxc6 16. Qc2 Bd6 17. h3 Bd7 18. Nc3 Nxc3 19. Bxc3 g6 20. Bd3 Kg7 21. Rfe1
Qb6 22. Qd2 a5 23. Bb1 Qc7 24. Qb2 Rab8 25. Bd3 Bf8 26. Qd2 Ra8 27. b4 axb4 28.
Bxb4 Bd6 29. Bxd6 Qxd6 30. Bb1 Ra4 31. Red1 Rb8 32. Rc3 Rab4 33. Bc2 Rb2 34. a4
Ra2 35. Qe3 Rbb2 36. Rc1 Qb4 37. Rb3 Rxb3 38. Qxb3 Qxb3 39. Bxb3 Rb2 40. Bxd5
Rb6 41. Bf3 Ra6 42. Rc4 Kf7 43. a5 Rxa5 44. Bxc6 Bxc6 45. Rxc6 Ra1+ 46. Kh2 Rd1
47. Rc7+ Ke6 48. Rxh7 Rxd4 49. Ra7 Rd3 50. f3 Kf5 51. Kg3 Rd5 52. h4 Rb5 53. Ra4
Rc5 54. Kh3 Rc3 55. g4+ Ke6 56. Kg3 Rc6 57. h5 g5 58. Ra7 Rc1 59. h6 Rh1 60. h7
Rh6 61. f4 gxf4+ 62. Kxf4 Rh1 63. Rg7 Rf1+ 64. Kg3 Rh1 65. Kg2 Rh4 66. Kf3 Rh3+
67. Ke4 Rh4 68. Kf3 Rh3+ 69. Kg2 Rh4 70. Ra7 Rh6 71. g5 Rh4 72. g6 Kf5 73. g7
Rxh7 74. Ra5+ 1-0

[Event "Moscow Open F Women"]
[Site "Moscow RUS"]
[Date "2011.02.03"]
[Round "6.42"]
[White "Mokshanova, Elizaveta"]
[Black "Achinova, Giliana"]
[Result "1/2-1/2"]
[WhiteElo "1711"]
[BlackElo "1936"]
[WhiteFideId "24160679"]
[BlackFideId "4102428"]
[EventDate "2011.01.29"]

1. e4 d6 2. d4 Nf6 3. Nc3 g6 4. Be3 Bg7 5. f3 c6 6. Qd2 b5 7. a3 Nbd7 8. d5 cxd5
9. Bxb5 Qc7 10. exd5 Rb8 11. Rb1 O-O 12. Nge2 a6 13. Bxd7 Nxd7 14. O-O Ne5 15.
b3 Bd7 16. Bh6 Bxh6 17. Qxh6 f5 18. Qd2 Rfc8 19. Rbc1 Qc5+ 20. Kh1 Qxa3 21. Ra1
Qb4 22. f4 Ng4 23. h3 Nf6 24. Qe3 Ne4 25. Nxe4 Qxe4 26. Qxe4 fxe4 27. Nd4 Rc3
28. Rfe1 Rb4 29. Rad1 e3 30. Kg1 Kf7 31. Re2 a5 32. Kh2 Bc8 33. Nc6 Rxf4 34. Kg3
g5 35. Rd3 Rxd3 36. cxd3 e5 37. dxe6+ Bxe6 38. Nxa5 Rb4 39. Nc4 Rxb3 40. Nxd6+
Ke7 41. Ne4 Rxd3 42. Nxg5 Bg8 43. Kf4 Kf6 44. Ne4+ Kg6 45. g4 Bd5 46. h4 Bxe4
47. Kxe4 Rd1 48. Rxe3 Rh1 49. Kf4 Rxh4 1/2-1/2

[Event "Moscow Open F Women"]
[Site "Moscow RUS"]
[Date "2011.02.03"]
[Round "6.43"]
[White "Saikhanzaya, Ganbaatar"]
[Black "Skakun, Valentina"]
[Result "0-1"]
[WhiteElo "1704"]
[BlackElo "1925"]
[WhiteFideId "4900030"]
[BlackFideId "24133469"]
[EventDate "2011.01.29"]

1. d4 d5 2. c4 e6 3. Nc3 c6 4. e3 f5 5. Qc2 Bd6 6. Bd3 Nd7 7. c5 Bc7 8. Nge2
Ngf6 9. f3 O-O 10. O-O Nh5 11. Bd2 Qh4 12. f4 Nhf6 13. Rf3 Ne4 14. Bxe4 dxe4 15.
Rh3 Qe7 16. b4 Nf6 17. b5 Nd5 18. Qb3 h6 19. Kh1 Qf6 20. Rg1 g5 21. g4 fxg4 22.
Rhg3 h5 23. Nxe4 Qg6 24. Nxg5 Bd8 25. Qb1 Qxb1 26. Rxb1 Bxg5 27. fxg5 cxb5 28.
e4 Nc7 29. Nf4 h4 30. Rxg4 e5 31. Rxh4 exf4 32. Rxf4 Bd7 33. d5 Na6 34. Rc1 Rac8
35. Rxf8+ Kxf8 36. Be3 Nb4 37. a3 Nd3 38. Rc3 Ne5 39. Bd4 Re8 40. h4 Bg4 41. Kg2
Nc4 42. e5 Nxe5 43. Bxe5 Rxe5 44. Kg3 Be2 45. c6 bxc6 46. dxc6 Bc4 47. a4 a6 48.
Rf3+ Kg7 49. axb5 axb5 50. Rf6 Rc5 51. Rd6 Bf7 52. Kf4 Be8 53. Ke4 Bxc6+ 54. Kd4
Rc4+ 55. Kd3 Be8 56. Rb6 Rxh4 57. Kc3 Rg4 58. Re6 Bf7 59. Re5 b4+ 60. Kb2 b3 61.
Re2 Rxg5 62. Rf2 Rg3 63. Re2 Bh5 64. Rf2 Bd1 65. Rd2 Bc2 66. Rd7+ Kf6 67. Rd2
Ke5 68. Re2+ Kd4 69. Rd2+ Ke3 70. Rh2 Kf3 71. Rd2 Rg2 72. Rxg2 Kxg2 73. Ka1 Kf3
74. Kb2 Ke3 75. Ka1 Bf5 76. Kb2 Be6 77. Ka1 Kd4 78. Kb2 Kc5 79. Kc3 Bf7 80. Kb2
Kb4 81. Kb1 Ka3 0-1

[Event "Moscow Open F Women"]
[Site "Moscow RUS"]
[Date "2011.02.03"]
[Round "6.44"]
[White "Turygina, Irina"]
[Black "Medvedeva, Anna"]
[Result "0-1"]
[WhiteElo "1650"]
[BlackElo "1921"]
[WhiteFideId "24110973"]
[BlackFideId "24102776"]
[EventDate "2011.01.29"]

1. e4 e5 2. Nf3 d6 3. d4 Nd7 4. Bc4 c6 5. d5 Be7 6. O-O Ngf6 7. Nc3 Nc5 8. Re1
a5 9. a4 O-O 10. h3 Qc7 11. Bg5 Bd7 12. Qd2 h6 13. Bxf6 Bxf6 14. Red1 Be7 15.
Nxe5 dxe5 16. d6 Qxd6 17. Qxd6 Bxd6 18. Rxd6 Rfd8 19. Rad1 Kf8 20. f3 Ke7 21.
Kf2 Be6 22. Rxd8 Rxd8 23. Rxd8 Kxd8 24. Bxe6 Nxe6 25. Ne2 b5 26. b3 Kc7 27. Ke3
Kd6 28. Nc3 Kc5 29. g3 Nd4 30. Kd3 Nxf3 31. Na2 Nd4 32. Nc1 g6 33. c3 Ne6 34.
Ke3 Kd6 35. Nd3 Nc5 36. Nxc5 Kxc5 37. Kd3 bxa4 38. bxa4 f5 39. exf5 gxf5 40. g4
fxg4 41. hxg4 Kd5 42. c4+ Kc5 43. Ke4 Kxc4 44. Kxe5 Kb4 45. Kd4 c5+ 46. Kd3 Kb3 0-1

[Event "Moscow Open F Women"]
[Site "Moscow RUS"]
[Date "2011.02.03"]
[Round "6.49"]
[White "Sazonova, Anastasia"]
[Black "Anfinogenova, Anastasiya"]
[Result "1-0"]
[WhiteElo "1886"]
[BlackElo "1708"]
[WhiteFideId "24131008"]
[BlackFideId "24123030"]
[EventDate "2011.01.29"]

1. e4 e5 2. Nf3 Nc6 3. d4 exd4 4. Bc4 Nf6 5. e5 d5 6. Bb5 Ne4 7. Nxd4 Bd7 8.
Bxc6 bxc6 9. O-O Bc5 10. f3 Ng5 11. Be3 O-O 12. f4 Ne4 13. Nd2 Bxd4 14. Bxd4 Bf5
15. Nb3 Qc8 16. h3 Qe6 17. g4 Qg6 18. Kh2 h5 19. Rg1 hxg4 20. hxg4 Qh6+ 21. Kg2
Bc8 22. f5 Qg5 23. Qf3 a5 24. Rh1 f6 25. Rh5 1-0

[Event "Moscow Open F Women"]
[Site "Moscow RUS"]
[Date "2011.02.03"]
[Round "6.51"]
[White "Terentieva, Alena"]
[Black "Chadaeva, Tatiana"]
[Result "0-1"]
[WhiteElo "1700"]
[BlackElo "1835"]
[WhiteFideId "24141291"]
[BlackFideId "24152757"]
[EventDate "2011.01.29"]

1. c4 e5 2. Nc3 Nc6 3. g3 g6 4. Bg2 Bg7 5. e4 d6 6. d3 Nd4 7. Be3 Ne6 8. Nge2
Ne7 9. O-O O-O 10. Qd2 Nc6 11. f4 f5 12. fxe5 dxe5 13. exf5 gxf5 14. Nd5 Rf7 15.
Rf2 Ne7 16. Rd1 c6 17. Nxe7+ Qxe7 18. Bh3 f4 19. Bxe6 Bxe6 20. gxf4 Bh3 21. Re1
exf4 22. Bxf4 Raf8 23. Bg3 Rxf2 24. Bxf2 Rxf2 25. Kxf2 Qh4+ 26. Ng3 Bd4+ 27. Re3
Qf4+ 28. Ke2 Bg4+ 29. Ke1 Qxe3+ 30. Qxe3 Bxe3 31. Ne4 Bd4 32. b4 b6 33. Kd2 Bf5
34. Nd6 Be6 35. Nb7 Kf8 36. a4 Ke7 37. a5 Bc8 38. a6 Bxb7 39. axb7 Be5 40. d4
Bxh2 41. Ke3 Kd7 0-1

[Event "Moscow Open F Women"]
[Site "Moscow RUS"]
[Date "2011.02.03"]
[Round "6.54"]
[White "Vanchikova, Dulma"]
[Black "Lisachenko, Natalia"]
[Result "0-1"]
[WhiteElo "1719"]
[BlackElo "1903"]
[WhiteFideId "4170792"]
[BlackFideId "4174151"]
[EventDate "2011.01.29"]

1. e4 c6 2. a4 d5 3. e5 Bf5 4. d4 e6 5. c3 c5 6. Bd3 Bxd3 7. Qxd3 cxd4 8. cxd4
Nc6 9. Nf3 Rc8 10. O-O Nge7 11. Ng5 Nf5 12. Nf3 Qb6 13. Qb5 Qc7 14. Be3 a6 15.
Qe2 Qb6 16. Rd1 Bb4 17. Nc3 O-O 18. h3 Na5 19. Qd3 Nc4 20. Nxd5 exd5 21. Qxf5
Nxb2 22. Rdb1 Nc4 23. Ng5 g6 24. Qg4 a5 25. Nf3 Nxe3 26. fxe3 Qd8 27. Rf1 Qe8
28. Qg5 Kg7 29. Qf6+ Kg8 30. Qg5 Be7 31. Qh6 f6 32. exf6 Bxf6 33. Ng5 Qe7 34. h4
Qxe3+ 35. Kh1 Bxg5 36. Qxg5 Rxf1+ 37. Rxf1 Qxd4 38. Rf5 Re8 39. Rxd5 Qxa4 40.
Rxa5 Qd4 41. Rd5 Re1+ 42. Kh2 Qg1+ 43. Kg3 Re3+ 44. Kf4 Qf2+ 45. Kg4 Rg3# 0-1

[Event "Moscow Open F Women"]
[Site "Moscow RUS"]
[Date "2011.02.03"]
[Round "6.55"]
[White "Vasiukova, Renata D."]
[Black "Arnatskaya, Zoya"]
[Result "0-1"]
[WhiteElo "1600"]
[BlackElo "1867"]
[WhiteFideId "4106067"]
[BlackFideId "24137081"]
[EventDate "2011.01.29"]

1. c3 Nf6 2. d3 c5 3. h3 g6 4. Nf3 Bg7 5. g4 d6 6. Bg2 Nc6 7. Nbd2 Rb8 8. Nf1 b5
9. Bd2 b4 10. Rb1 Qb6 11. c4 Bb7 12. Ng3 Nd4 13. O-O Nxf3+ 14. Bxf3 Bxf3 15.
exf3 Nd7 16. b3 Qa6 17. Qc2 Ne5 18. f4 Nf3+ 19. Kh1 Qc6 20. Ne4 f5 21. gxf5 gxf5
22. Kg2 fxe4 23. dxe4 Nxd2 24. Qxd2 Qxe4+ 25. f3 Qg6+ 26. Kh2 Bd4 27. Qg2 Qf5
28. Qg4 Qc2+ 29. Kg3 Kd8 30. Kh4 h5 0-1

[Event "Moscow Open F Women"]
[Site "Moscow RUS"]
[Date "2011.02.03"]
[Round "6.56"]
[White "Afanasieva, Elena"]
[Black "Zasypkina, Evgenia"]
[Result "0-1"]
[WhiteElo "1592"]
[BlackElo "1855"]
[WhiteFideId "4170580"]
[BlackFideId "24102784"]
[EventDate "2011.01.29"]

1. e4 c5 2. Nf3 d6 3. d4 cxd4 4. Nxd4 Nf6 5. Nc3 Nc6 6. Bc4 Qb6 7. Nb3 e6 8. O-O
Be7 9. Be3 Qc7 10. Be2 O-O 11. f4 Rd8 12. a3 b6 13. Qe1 Bb7 14. Rd1 Rac8 15. Bf3
Ne8 16. Qg3 Bf6 17. Nb5 Qb8 18. c3 Ne7 19. Rf2 d5 20. e5 Nf5 21. Qh3 Nxe3 22.
exf6 Nxd1 23. Bxd1 Nxf6 24. N5d4 a5 25. Nd2 Ba8 26. g4 b5 27. Re2 b4 28. Re5
bxc3 29. bxc3 Qb2 30. Bc2 Qc1+ 31. Nf1 Qxf4 32. Bxh7+ Nxh7 33. Rh5 Qe4 34. Nf5
exf5 35. gxf5 d4 36. Ng3 Qg2+ 37. Qxg2 Bxg2 0-1

[Event "Moscow Open F Women"]
[Site "Moscow RUS"]
[Date "2011.02.03"]
[Round "6.57"]
[White "Vasiukova, Ekaterina"]
[Black "Loginova, Tatiana"]
[Result "0-1"]
[WhiteElo "1746"]
[BlackElo "1599"]
[WhiteFideId "24114626"]
[BlackFideId "24174700"]
[EventDate "2011.01.29"]

1. d4 d5 2. c4 e6 3. Nc3 Nf6 4. Bg5 Nbd7 5. cxd5 exd5 6. Nxd5 Nxd5 7. Bxd8 Bb4+
8. Qd2 Bxd2+ 9. Kxd2 Kxd8 10. e4 N5f6 11. f3 c5 12. d5 Ne5 13. b3 Bd7 14. Rc1 b6
15. Ne2 Bb5 16. Nf4 Bxf1 17. Rhxf1 Rc8 18. Nd3 Nxd3 19. Kxd3 Re8 20. Kc4 Nd7 21.
Rcd1 a6 22. a4 Ne5+ 23. Kc3 c4 24. b4 Nd3 25. Rd2 Re5 26. Re2 Nf4 27. Rc2 Nd3
28. Rb1 Re7 29. Kd4 Rec7 30. g3 f6 31. f4 Re7 32. Re2 b5 33. a5 Kd7 34. e5 Rce8
35. e6+ Kc7 36. g4 Nxf4 37. Rf2 Ng6 38. Kc5 Kb7 39. Re1 Rc7+ 40. Kd4 Rd8 41. Rd1
c3 42. Rc2 Ne7 43. Ke4 Rc4+ 44. Kf3 Rxd5 45. Rxd5 Nxd5 46. h3 Kc7 47. Re2 Kd8
48. Re3 Nxe3 0-1

[Event "Moscow Open F Women"]
[Site "Moscow RUS"]
[Date "2011.02.03"]
[Round "6.58"]
[White "Sigua, Irina"]
[Black "Artemenko, Rimma"]
[Result "1-0"]
[WhiteElo "1731"]
[BlackElo "1566"]
[WhiteFideId "24158976"]
[BlackFideId "4194799"]
[EventDate "2011.01.29"]

1. e4 e6 2. d4 b6 3. c4 Bb4+ 4. Bd2 Bxd2+ 5. Qxd2 Bb7 6. Nc3 Nf6 7. Bd3 d6 8.
Nge2 Nbd7 9. O-O a6 10. f3 Qe7 11. Rfe1 O-O-O 12. a3 Rdg8 13. b4 c5 14. bxc5
dxc5 15. d5 Ne5 16. Reb1 Nfd7 17. a4 Nxd3 18. Qxd3 Ne5 19. Qc2 Nxc4 20. Qa2 exd5
21. exd5 Qe3+ 22. Kh1 Nd6 23. Rxb6 Rd8 24. Rab1 Rhe8 25. Qb3 Re7 26. Rc6+ Rc7
27. Qb6 Rd7 28. Rxc7+ Rxc7 29. Qxd6 Qe7 30. Qxe7 Rxe7 31. d6 Re3 32. d7+ Kc7 33.
Rxb7+ Kd8 34. Kg1 Rd3 35. Kf2 c4 36. Ne4 f6 37. Nc5 Rd6 38. Rb8+ Ke7 39. Re8+
Kf7 40. d8=Q Rxd8 41. Rxd8 Kg6 42. Rd4 c3 43. Nxc3 1-0

[Event "Moscow Open F Women"]
[Site "Moscow RUS"]
[Date "2011.02.03"]
[Round "6.59"]
[White "Burmistrova, Alena"]
[Black "Stanetskaya, Galina"]
[Result "1-0"]
[WhiteElo "1720"]
[BlackElo "1531"]
[WhiteFideId "24160415"]
[BlackFideId "24156957"]
[EventDate "2011.01.29"]

1. f4 Nf6 2. Nf3 e6 3. e3 d5 4. b3 Nc6 5. Bb5 a6 6. Bxc6+ bxc6 7. Bb2 Bd6 8. Ne5
c5 9. O-O h5 10. Qe2 Bb7 11. d3 a5 12. a4 Qe7 13. Nd2 Bxe5 14. Bxe5 O-O-O 15.
Bc3 Ng4 16. h3 Nf6 17. Bxa5 Rdg8 18. Nf3 h4 19. Rfb1 Nh5 20. Be1 Ng3 21. Qd2 d4
22. e4 f5 23. Bxg3 hxg3 24. Ng5 fxe4 25. dxe4 e5 26. b4 c4 27. a5 Rh4 28. a6 Ba8
29. fxe5 Qxe5 30. Nf3 c3 31. Qe1 Qxe4 32. Nxh4 Rh8 33. Qxe4 Bxe4 34. a7 Kb7 35.
a8=Q+ Rxa8 36. Rxa8 Kxa8 37. Ra1+ Kb7 38. Ra2 Kb6 39. Nf3 d3 40. cxd3 Bxd3 41.
Ne1 Bb1 42. Ra3 c2 43. Rc3 c6 44. Nxc2 Bxc2 45. Rxc2 Kb5 46. Kf1 Kxb4 47. Rxc6 1-0

[Event "Moscow Open F Women"]
[Site "Moscow RUS"]
[Date "2011.02.04"]
[Round "7.1"]
[White "Pourkashiyan, Atousa"]
[Black "Charochkina, Daria"]
[Result "1/2-1/2"]
[WhiteTitle "WGM"]
[BlackTitle "WIM"]
[WhiteElo "2397"]
[BlackElo "2314"]
[WhiteFideId "12502014"]
[BlackFideId "4180917"]
[EventDate "2011.01.29"]

1. e4 c6 2. d4 d5 3. Nd2 dxe4 4. Nxe4 Bf5 5. Ng3 Bg6 6. h4 h6 7. Nf3 Nd7 8. h5
Bh7 9. Bd3 Bxd3 10. Qxd3 Ngf6 11. Bf4 Qa5+ 12. Bd2 Qa4 13. Ne2 Nd5 14. b3 Qa3
15. c4 N5f6 16. Nf4 e6 17. Qe2 Bb4 18. O-O Bxd2 19. Qxd2 O-O 20. Rfe1 Rad8 21.
Rad1 Rfe8 22. Qe2 Qd6 23. g3 c5 24. Qb2 cxd4 25. Rxd4 Qc6 26. Rd3 Qc7 27. Red1
e5 28. Nd5 Nxd5 29. Rxd5 e4 30. Qd4 exf3 31. Rxd7 Rxd7 32. Qxd7 Re1+ 33. Kh2 Qc5
34. Rxe1 Qxf2+ 35. Kh3 Qxe1 36. Qc8+ Kh7 37. Qf5+ Kg8 38. Qc8+ Kh7 39. Qf5+ Kg8
40. Qxf3 Qe6+ 41. Kh2 Qe7 42. Qg4 b6 43. Qc8+ Kh7 44. Qf5+ Kg8 45. Qc8+ Kh7 1/2-1/2

[Event "Moscow Open F Women"]
[Site "Moscow RUS"]
[Date "2011.02.04"]
[Round "7.2"]
[White "Nemcova, Katerina"]
[Black "Bodnaruk, Anastasia"]
[Result "1/2-1/2"]
[WhiteTitle "WGM"]
[BlackTitle "IM"]
[WhiteElo "2289"]
[BlackElo "2425"]
[WhiteFideId "322750"]
[BlackFideId "4181751"]
[EventDate "2011.01.29"]

1. e4 c5 2. Nf3 d6 3. d4 cxd4 4. Nxd4 Nf6 5. Nc3 a6 6. Be3 e5 7. Nb3 Be7 8. f3
O-O 9. Qd2 Be6 10. O-O-O a5 11. Bb5 Na6 12. Kb1 Nc7 13. Bb6 Qc8 14. Ba4 Ra6 15.
Qf2 Na8 16. Be3 Nc7 17. Bb6 Na8 18. Be3 Nc7 1/2-1/2

[Event "Moscow Open F Women"]
[Site "Moscow RUS"]
[Date "2011.02.04"]
[Round "7.3"]
[White "Severiukhina, Zoja"]
[Black "Mirzoeva, Elmira"]
[Result "0-1"]
[WhiteTitle "WIM"]
[BlackTitle "WGM"]
[WhiteElo "2312"]
[BlackElo "2216"]
[WhiteFideId "24108065"]
[BlackFideId "4127951"]
[EventDate "2011.01.29"]

1. e4 c6 2. d4 d5 3. e5 Bf5 4. Nf3 e6 5. Be2 Nd7 6. O-O Ne7 7. Nbd2 Bg6 8. Nb3
Nf5 9. a4 a6 10. a5 Be7 11. Bd2 c5 12. dxc5 Nxc5 13. Nxc5 Bxc5 14. b4 Ba7 15. c4
O-O 16. c5 Rc8 17. Rc1 Qd7 18. Qb3 Bh5 19. Bc3 Bb8 20. Rfe1 f6 21. Qb2 Bxf3 22.
Bxf3 d4 23. Qd2 Bxe5 24. Be4 g5 25. Rcd1 Qf7 26. Ba1 Rfd8 27. Qd3 Nh4 28. c6
bxc6 29. Qxa6 Qc7 30. g3 Ng6 31. Qc4 Qd6 32. Bxg6 hxg6 33. f4 gxf4 34. gxf4 Bxf4
35. Rxe6 Qd5 36. Qxd5 Rxd5 37. Rxd4 Rg5+ 38. Kf2 Be5 39. Rd1 Kf7 40. Bxe5 Kxe6
41. Bg3 Rd5 42. Re1+ Kd7 43. Ra1 Rb5 44. Rd1+ Ke6 45. Re1+ Kd5 46. Rd1+ Kc4 47.
Bd6 Rd5 48. Rc1+ Kb5 49. Bc5 Rh8 50. Kg1 Rg5+ 51. Kh1 Re8 52. Ra1 Ka6 53. Rc1
Re2 54. Bd6 Kb5 55. Ra1 Rgg2 56. Rc1 Rc2 57. Rf1 Rgd2 58. Bg3 Re2 59. Bd6 Rcd2
60. Bb8 Ra2 61. Bd6 Red2 62. Bg3 Rd4 63. Be1 Rd1 64. Kg1 Re2 65. Bg3 Rxf1+ 66.
Kxf1 Ra2 0-1